| 000 | 02157nam0a2200409 4500 | ||
|---|---|---|---|
| 001 | RU\NLR\BIBL_A\012224899 | ||
| 005 | 20200311121902.0 | ||
| 010 |
_a978-5-6043199-0-1 _91000 |
||
| 021 |
_aRU _bКН-П-19-103906 _9КН-П-19-7661 |
||
| 035 | _a(NLR Aleph) 012224899 | ||
| 035 | _a(RuMoRGB)010222018 | ||
| 090 |
_a10953652 _c10953652 |
||
| 100 | _a20200219d2019 u y0rusy50 ca | ||
| 101 | 0 | _arus | |
| 102 | _aRU | ||
| 105 | _aacbhzz0|010zb | ||
| 181 | 0 |
_ai _baxxe |
|
| 182 | 0 | _an | |
| 200 | 1 |
_aЕкатерина Великая - Великой России _e[к 255-летию Вольного экономического общества России _fподготовка текстов, подбор иллюстраций: Иванова Татьяна _gпод общей редакцией Бодрунова С. Д.] |
|
| 203 |
_aТекст _bвизуальный _cнепосредственный |
||
| 210 |
_aМосква _cАкадемия менеджмента и бизнес-администрирования _d2019 |
||
| 215 |
_a246 с. _cил., портр., цв. ил., факс., карт. _d30 |
||
| 600 | 0 |
_aЕкатерина _cимператрица российская _dII _f1729 - 1796 _91053825 _3RU\NLR\AUTH\66407813 |
|
| 601 | 0 | 2 |
_aВольное экономическое общество России _91295776 _3RU\NLR\AUTH\66218587 |
| 686 | 1 | _aТ3(2)464,022.1 | |
| 686 | 1 | _aУ.е(28)л51 | |
| 702 | 1 |
_4570 _7ca _8rus _aЕкатерина _cимператрица российская _dII _f1729-1796 _9112115 _3RU\NLR\AUTH\772098 |
|
| 702 | 1 |
_7ca _8rus _aИванова _bТ. А. _cиздатель, экономика, право _gТатьяна Александровна _9216909 _3RU\NLR\AUTH\770216965 |
|
| 702 | 1 |
_4340 _7ca _8rus _aБодрунов _bС. Д. _f1958- _gСергей Дмитриевич _946180 _3RU\NLR\AUTH\7763250 |
|
| 711 | 0 | 2 |
_aВольное экономическое общество России _9301766 _3RU\NLR\AUTH\8814308 |
| 942 | _cBOOK | ||
| 980 | _aNBR | ||
| 980 | _aNB | ||